000 00969nam a2200289 4500
003 OSt
005 20260601193525.0
008 260418t2001 xxua|||| |||| 00| 0 eng d
020 _a9780471381341
040 _aICI
_bspa
_cICI
041 _aeng
050 _aKF5701
_bH45 2021
100 1 _aHoomen Harmon, Sharon
_935567
245 1 _aThe codes guidebook for interiors /
_cSharonHoomen Harmon, Katherine E. Kennon
250 _aSegunda edición
264 _bJohn Wiley & Sons
_c2001
_aHoboken, New Jersey :
300 _a335 páginas
336 _atexto
_2rdacontent
337 _asin medio
_2rdamedia
338 _avolumen
_2rdacarrier
500 _aLibro de Referencia
650 1 _aConstrucción
_vLegislación
_zEstados Unidos
_935568
650 1 _aEdificios
_xEspecificaciones
_zEstados Unidos
_935569
650 1 _aArquitectura de interiores
_xEspecificaciones
_zEstados Unidos
_935570
700 1 _aKennon, Katherine E.,
_eautor.
_935571
942 _2lcc
_cB
999 _c21138
_d21138